000 00639nam a22002297a 4500
003 UA-OsUOA
001 28623
007 ta
008 20050414b un ||||| |||| 00| 0 ukr d
090 _a94(47+57)
_bС56
942 _cBK
040 _aUA-OsUOA
_brus
_cUA-OsUOA
_dUA-OsUOA
245 _aМосковская конференция министров иностранныя дел СССР, США, Великобритании (19-30 окт. 1943 г.)
300 _a422 с.
_bІлюстрації
955 _a0
041 _arus
080 _a94(47+57)
260 _c1978
044 _aRU
650 7 _2UDC
999 _c314992
_d314992